[Event "Gabicce Mare op 1st"]
[Site "Gabicce Mare"]
[Date "2013.01.04"]
[Round "5"]
[White "Pipitone, Antonio"]
[Black "Bjerke, Silje"]
[Result "0-1"]
[WhiteElo "1920"]
[BlackElo "2210"]
[PlyCount "94"]
[EventDate "2013.01.02"]
[EventType "swiss"]
[EventRounds "9"]
[EventCountry "ITA"]
[SourceTitle "EXT 2014"]
[Source "ChessBase"]
[SourceDate "2013.11.20"]
[SourceVersion "1"]
[SourceVersionDate "2013.11.20"]
[SourceQuality "1"]

1. e4 c5 2. Nf3 e6 3. d4 cxd4 4. Nxd4 Nc6 5. Nc3 Qc7 6. Be2 a6 7. 0-0 Nf6 8. Be3 Bb4 9. Nxc6 bxc6 10. Na4 Be7 11. Bf3 Rb8 12. b3 c5 13. c4 Bb7 14. Qd3 0-0 15. g3 d6 16. Rad1 Rfd8 17. Nc3 Nd7 18. Bg2 Ne5 19. Qe2 Bf6 20. Nb1 Nc6 21. f4 a5 22. g4 Bd4 23. g5 Qe7 24. Nd2 e5 25. h4 exf4 26. Rxf4 Be5 27. Rf3 Nd4 28. Bxd4 Bxd4+ 29. Kh1 Rf8 30. Rff1 f6 31. gxf6 Bxf6 32. h5 Rbe8 33. Qg4 Bc8 34. Qe2 Kh8 35. Rf2 Bd4 36. Rxf8+ Rxf8 37. Nf3 Bg4 38. Rd3 Qf7 39. Qe1 Qxh5+ 40. Nh2 Be5 41. Qg1 Rf6 42. Rd2 Rh6 43. Rf2 Qxh2+ 44. Qxh2 Rxh2+ 45. Kg1 Bd4 46. Kxh2 Bxf2 47. Bf1 Bf3 0-1

[Event "Olympiad Women-40"]
[Site "Istanbul"]
[Date "2012.09.09"]
[Round "11.1"]
[White "Rapport, Jovana"]
[Black "Bjerke, Silje"]
[Result "1-0"]
[WhiteElo "2337"]
[BlackElo "2235"]
[PlyCount "101"]
[EventDate "2012.08.28"]
[EventType "team-swiss"]
[EventRounds "11"]
[EventCountry "TUR"]
[SourceTitle "CBM 150 Extra"]
[Source "ChessBase"]
[SourceDate "2012.10.19"]
[SourceVersion "1"]
[SourceVersionDate "2012.10.19"]
[SourceQuality "1"]
[WhiteTeam "Montenegro (W)"]
[BlackTeam "Norway (W)"]
[WhiteTeamCountry "MNE"]
[BlackTeamCountry "NOR"]

1. d4 Nf6 2. c4 g6 3. g3 Bg7 4. Bg2 0-0 5. Nf3 d6 6. 0-0 Nc6 7. Nc3 a6 8. h3 Bd7 9. e4 e5 10. dxe5 Nxe5 11. Nxe5 dxe5 12. Qe2 Be6 13. Bg5 h6 14. Be3 c6 15. Rfd1 Qc7 16. b3 Rad8 17. Na4 Nd7 18. c5 Kh7 19. Bd2 f5 20. Qe1 Rde8 21. Ba5 Qb8 22. Rd2 f4 23. Rad1 Rf7 24. Bf1 h5 25. Rd3 fxg3 26. fxg3 Ref8 27. Bg2 Qe8 28. Bc7 Bf6 29. Bd6 Be7 30. Qc3 Bxd6 31. cxd6 Rf2 32. R3d2 Qf7 33. Qe3 Rf6 34. Nc5 Bxh3 35. Bxh3 Rf3 36. Qg5 Nxc5 37. d7 Nxe4 38. d8Q Nxg5 39. Qxg5 Qf6 40. Rd7+ Kg8 41. Qxf6 R8xf6 42. Rxb7 Rxg3+ 43. Kh2 Rgf3 44. Rd8+ Rf8 45. Be6+ Kh8 46. Rdd7 Rf2+ 47. Kg3 h4+ 48. Kxh4 R8f4+ 49. Bg4 e4 50. Kg5 Rf6 51. Be6 1-0

[Event "Olympiad Women-40"]
[Site "Istanbul"]
[Date "2012.08.31"]
[Round "4.1"]
[White "Franciskovic, Borka"]
[Black "Bjerke, Silje"]
[Result "1/2-1/2"]
[WhiteElo "2258"]
[BlackElo "2235"]
[PlyCount "116"]
[EventDate "2012.08.28"]
[EventType "team-swiss"]
[EventRounds "11"]
[EventCountry "TUR"]
[SourceTitle "CBM 150 Extra"]
[Source "ChessBase"]
[SourceDate "2012.10.19"]
[SourceVersion "1"]
[SourceVersionDate "2012.10.19"]
[SourceQuality "1"]
[WhiteTeam "Croatia (W)"]
[BlackTeam "Norway (W)"]
[WhiteTeamCountry "CRO"]
[BlackTeamCountry "NOR"]

1. c4 Nf6 2. Nf3 g6 3. g3 Bg7 4. Bg2 0-0 5. 0-0 d6 6. Nc3 Nc6 7. d4 a6 8. d5 Na5 9. Nd2 c5 10. Qc2 Rb8 11. b3 b5 12. Bb2 bxc4 13. bxc4 Bh6 14. f4 Bg7 15. Rab1 Bd7 16. h3 h5 17. e4 Nh7 18. Nd1 Bxb2 19. Rxb2 Rb4 20. Rxb4 cxb4 21. c5 Bb5 22. Rf2 dxc5 23. Qxc5 Qd6 24. Qxd6 exd6 25. e5 Re8 26. Ne4 Nb7 27. Ne3 dxe5 28. f5 Rd8 29. fxg6 fxg6 30. Rc2 Rd7 31. h4 Nd6 32. Bh3 Nxe4 33. Bxd7 Bxd7 34. Nc4 Bf5 35. Nxe5 Nhf6 36. Rc6 Nxd5 37. Rxa6 Kg7 38. Kh2 Nec3 39. Nc6 Bb1 40. Ra7+ Kf6 41. a3 bxa3 42. Rxa3 Kf5 43. Ra8 Nf6 44. Ra5+ Ncd5 45. Ne7+ Ke6 46. Nxd5 Nxd5 47. Kg2 Be4+ 48. Kf2 Kf5 49. Ra4 Nf6 50. Ra5+ Bd5 51. Kg1 Ke5 52. Ra6 Be4 53. Ra4 Ng4 54. Rb4 Kf5 55. Rb5+ Ne5 56. Kf2 Bd3 57. Rb4 Ng4+ 58. Kf3 Ke5 1/2-1/2

[Event "Olympiad Women-40"]
[Site "Istanbul"]
[Date "2012.08.28"]
[Round "1.1"]
[White "Bjerke, Silje"]
[Black "Arda, Cagil Irmak"]
[Result "1-0"]
[WhiteElo "2235"]
[BlackElo "1634"]
[PlyCount "61"]
[EventDate "2012.08.28"]
[EventType "team-swiss"]
[EventRounds "11"]
[EventCountry "TUR"]
[SourceTitle "CBM 150 Extra"]
[Source "ChessBase"]
[SourceDate "2012.10.19"]
[SourceVersion "1"]
[SourceVersionDate "2012.10.19"]
[SourceQuality "1"]
[WhiteTeam "Norway (W)"]
[BlackTeam "Turkey 2023 (W)"]
[WhiteTeamCountry "NOR"]
[BlackTeamCountry "TUR"]

1. e4 e5 2. Nf3 Nf6 3. d4 Nxe4 4. Bd3 d5 5. Nxe5 Nd7 6. Nxd7 Bxd7 7. 0-0 Bd6 8. Nc3 Nxc3 9. bxc3 Qh4 10. g3 Qh3 11. Re1+ Be6 12. Bf1 Qf5 13. Rb1 Rb8 14. Ba6 b6 15. Bb5+ Kf8 16. Rb3 Qh3 17. Bf1 Qg4 18. Be2 Qh3 19. Ba3 Bxa3 20. Rxa3 a5 21. c4 Rd8 22. cxd5 Bxd5 23. Bf3 Bxf3 24. Rxf3 Qd7 25. Rfe3 g6 26. d5 Qa4 27. Qa1 Rg8 28. Qf6 Qd7 29. c4 Qf5 30. Qxd8+ Kg7 31. Qxc7 1-0

[Event "Olomouc Prima Cup"]
[Site "Olomouc"]
[Date "2012.08.07"]
[Round "7"]
[White "Bjerke, Silje"]
[Black "Obsivac, Josef"]
[Result "1/2-1/2"]
[WhiteElo "2235"]
[BlackElo "2280"]
[PlyCount "73"]
[EventDate "2012.08.01"]
[EventType "tourn"]
[EventRounds "9"]
[EventCountry "CZE"]
[EventCategory "1"]
[SourceTitle "CBM 149 Extra"]
[Source "ChessBase"]
[SourceDate "2012.08.24"]
[SourceVersion "1"]
[SourceVersionDate "2012.08.24"]
[SourceQuality "1"]

1. e4 c5 2. Nf3 Nc6 3. d4 cxd4 4. Nxd4 Qb6 5. Nb3 Nf6 6. Nc3 e6 7. Bd3 d6 8. 0-0 Be7 9. Be3 Qc7 10. f4 a6 11. Qf3 h5 12. Rae1 Rb8 13. a4 Ng4 14. Bd2 b5 15. axb5 axb5 16. Kh1 b4 17. Nb5 Qd7 18. N5d4 Nxd4 19. Nxd4 Bf6 20. e5 Bh4 21. Ra1 Bb7 22. Qe2 0-0 23. Nf3 Bxf3 24. Rxf3 g6 25. h3 Nh6 26. exd6 Qxd6 27. f5 Nxf5 28. Bxf5 exf5 29. Bf4 Qc5 30. Bxb8 Rxb8 31. Re3 Kg7 32. c4 bxc3 33. Rxc3 Qb6 34. Rc2 Bf6 35. Rb1 Qb3 36. Rd2 Rb4 37. Qf3 1/2-1/2

[Event "Olomouc Prima Cup"]
[Site "Olomouc"]
[Date "2012.08.04"]
[Round "4"]
[White "Biolek, Richard"]
[Black "Bjerke, Silje"]
[Result "1-0"]
[WhiteElo "2446"]
[BlackElo "2235"]
[PlyCount "85"]
[EventDate "2012.08.01"]
[EventType "tourn"]
[EventRounds "9"]
[EventCountry "CZE"]
[EventCategory "1"]
[SourceTitle "CBM 149 Extra"]
[Source "ChessBase"]
[SourceDate "2012.08.24"]
[SourceVersion "1"]
[SourceVersionDate "2012.08.24"]
[SourceQuality "1"]

1. e4 e5 2. Nf3 Nc6 3. Bb5 a6 4. Ba4 Nf6 5. 0-0 Be7 6. Re1 b5 7. Bb3 0-0 8. d3 d6 9. c3 Na5 10. Bc2 c5 11. Nbd2 Nc6 12. Nf1 h6 13. h3 Be6 14. Qe2 Re8 15. a4 d5 16. Ng3 Rb8 17. axb5 axb5 18. Nh4 Bf8 19. Nhf5 Kh8 20. Qf3 Ng8 21. Ne3 Nf6 22. Ng4 Nxg4 23. hxg4 g6 24. Nf5 gxf5 25. gxf5 dxe4 26. dxe4 Bc8 27. g4 Kg8 28. Kg2 Qf6 29. Rh1 Bg7 30. Rh5 Qd6 31. Be3 Nd8 32. Rah1 Rb6 33. Qh3 Qf8 34. g5 Kh7 35. Qg3 Qg8 36. R1h4 f6 37. g6+ Kh8 38. Bxh6 Bxh6 39. g7+ Qxg7 40. Rxh6+ Kg8 41. Rh8+ Kf7 42. Qxg7+ Kxg7 43. R4h7# 1-0

[Event "Olomouc Prima Cup"]
[Site "Olomouc"]
[Date "2012.08.03"]
[Round "3"]
[White "Bjerke, Silje"]
[Black "Saduakassova, Dinara"]
[Result "1/2-1/2"]
[WhiteElo "2235"]
[BlackElo "2216"]
[PlyCount "39"]
[EventDate "2012.08.01"]
[EventType "tourn"]
[EventRounds "9"]
[EventCountry "CZE"]
[EventCategory "1"]
[SourceTitle "CBM 149 Extra"]
[Source "ChessBase"]
[SourceDate "2012.08.24"]
[SourceVersion "1"]
[SourceVersionDate "2012.08.24"]
[SourceQuality "1"]

1. e4 c5 2. Nf3 d6 3. d4 cxd4 4. Nxd4 Nf6 5. Nc3 a6 6. Bc4 e6 7. 0-0 b5 8. Bb3 Be7 9. Qf3 Qc7 10. Qg3 Nc6 11. Nxc6 Qxc6 12. Re1 Bb7 13. a3 0-0 14. Bh6 Ne8 15. Rad1 Kh8 16. Bg5 Bxg5 17. Qxg5 Nf6 18. f3 Rfd8 19. Qd2 Rd7 20. Re3 1/2-1/2